00513nam a22001577a 450000500170000000800410001702000500005804100130010808200140012110000320013524500680016725000170023526000440025230000330029665000260032920231214071558.0231214b |||||||| |||| 00| 0 eng d a9780639005263 ; 9780639008462 ; 9780409065039 aEnglish  a346.4 SIL aMuller, G et al. lEnglish  aSilberg and Schoeman's The Law of Property / cG Muller et al.  a6th Edition  aDurban : bLexisNexis (Pty) Ltd, c2019 bxxvii, 915 pages ; c25 cm.  aLegal practice bLaw